[Event "Liberec Region-chT 2223"]
[Site "Czech Republic"]
[Date "2023.01.29"]
[Round "7.8"]
[White "Podzimek, Adam"]
[Black "Pospisil, Ales"]
[Result "1-0"]
[WhiteElo "1579"]
[BlackElo "1998"]
[PlyCount "61"]
[EventDate "2022.10.09"]
[EventType "team-tourn"]
[EventRounds "11"]
[EventCountry "CZE"]
[SourceTitle "EXT 2024"]
[Source "ChessBase"]
[SourceDate "2023.10.10"]
[SourceVersion "1"]
[SourceVersionDate "2023.10.10"]
[SourceQuality "1"]

1. d4 d5 2. c4 e6 3. Nc3 Nf6 4. Bg5 c6 5. e3 Bb4 6. Bd3 Qa5 7. Qd2 Nbd7 8. Bxf6 Nxf6 9. Nge2 dxc4 10. Bxc4 Qg5 11. 0-0 Qh4 12. a3 Bd6 13. Ng3 Ng4 14. h3 Nf6 15. Nce2 g5 16. f4 gxf4 17. exf4 Rg8 18. Qe3 Nd5 19. Bxd5 cxd5 20. Nf5 Qd8 21. Nxd6+ Qxd6 22. f5 Bd7 23. Rac1 Bb5 24. Rfe1 Bxe2 25. Rxe2 Kd7 26. fxe6+ fxe6 27. Qd3 Rg7 28. Qb5+ Kd8 29. Rce1 Re7 30. Rf1 Rc7 31. Ref2 1-0